| 000 | 00438nam a2200169 a 4500 | ||
|---|---|---|---|
| 001 | 000032012 | ||
| 003 | DO-SdBNP | ||
| 005 | 20210630152839.0 | ||
| 008 | 110707s19uu dr c 000 0 spa d | ||
| 040 |
_aDO-SdBNP _bspa _cBNPHU |
||
| 049 | _aBNPD | ||
| 082 |
_axxxx _bS471b |
||
| 245 | 0 | 0 | _aSemblanza biográfica del Dr. Joaquín Balaguer. |
| 260 |
_a[Santo Domingo : _bs.n., _cs.f.]. |
||
| 300 |
_a[6 p.] ; _c22 cm. |
||
| 942 |
_2ddc _cLBS1 |
||
| 999 |
_c31503 _d31503 |
||